LEADER 01094nam0-2200313---450- 001 990009535430403321 005 20120229111558.0 010 $a9788874440627 035 $a000953543 035 $aFED01000953543 035 $a(Aleph)000953543FED01 035 $a000953543 100 $a20120229d2011----km-y0itay50------ba 101 0 $aita 102 $aIT 105 $ay-------001yy 200 1 $aVittime innocenti della criminalità$etutela giuridica e misure di sostegno$eprima raccolta ragionata delle disposizioni normative in materia di vittime del terrorismo, della criminalità organizzata e del dovere$fEmilio Tucci, Giacomo Lamberti 210 $aNapoli$cCangiano grafica$dstampa 2009 215 $a258 p.$d213 cm 300 $aSulla copertina: Prefazione di Don Luigi Ciotti e Pietro Grasso 700 1$aTucci,$bEmilio$0515462 701 1$aLamberti$bGiacomo$0515463 801 0$aIT$bUNINA$gRICA$2UNIMARC 901 $aBK 912 $a990009535430403321 952 $a1-43$fDSPCP 959 $aDSPCP 996 $aVittime innocenti della criminalità$9855220 997 $aUNINA LEADER 01452nam 2200409 a 450 001 9910697843203321 005 20081211135204.0 035 $a(CKB)5470000002392552 035 $a(OCoLC)279173325 035 $a(EXLCZ)995470000002392552 100 $a20081211d2008 ua 0 101 0 $aeng 135 $aurmn||||||||| 181 $ctxt$2rdacontent 182 $cc$2rdamedia 183 $acr$2rdacarrier 200 10$aElections$b[electronic resource] $efederal program for certifying voting systems needs to be further defined, fully implemented, and expanded : report to the Chairman, Committee on House Administration, House of Representatives 210 1$a[Washington, D.C.] :$cU.S. Govt. Accountability Office,$d[2008] 215 $aii, 52 pages $cdigital, PDF file 300 $aTitle from title screen (viewed on Nov. 19, 2008). 300 $a"September 2008." 300 $a"GAO-08-814." 320 $aIncludes bibliographical references. 517 $aElections 606 $aElectronic voting$xCertification$zUnited States 606 $aElections$zUnited States 606 $aVoting$zUnited States 615 0$aElectronic voting$xCertification 615 0$aElections 615 0$aVoting 712 02$aUnited States.$bCongress.$bHouse.$bCommittee on House Administration. 801 0$bGPO 801 1$bGPO 906 $aBOOK 912 $a9910697843203321 996 $aElections$92953379 997 $aUNINA